| 000 | 01747nam a22003137a 4500 | ||
|---|---|---|---|
| 001 | 341 | ||
| 003 | OSt | ||
| 005 | 20250528074018.0 | ||
| 008 | 250328b |||||||e |||| 00| f eng d | ||
| 040 | _bpor | ||
| 041 |
_hrus _apor |
||
| 082 |
_a891.73 _bG613a |
||
| 100 | 1 |
_aGogol, Nikolai Vassilievitch, _d1809-1852. _9708 |
|
| 240 | _aDead Souls | ||
| 245 |
_aAlmas Mortas / _c Gogol, Nikolai Vassilievitch ; Tradução de Tatiana Belinky |
||
| 260 |
_aSão Paulo _bAbril _c1972 |
||
| 300 | _a449 p. | ||
| 490 | 1 |
_aOs Imortais da Literatura Universal _vvol. 42 |
|
| 520 | _aO romance narra, em grande parte, as viagens do conselheiro civil Pável Ivánovitch Tchítchicov através da Rússia, tentando enriquecer a qualquer custo. Nem tudo corria bem para os proprietários rurais da Rússia, nos anos que se seguiram à invasão napoleônica de 1812. De tempos em tempos, o Estado russo fazia um recenseamento de sua população rural. Enquanto o novo censo não era realizado, os senhores rurais eram obrigados a pagar impostos pelo número total de servos, mesmo que eles tivessem morrido ou fugido. Tchítchicov procura os senhores rurais e lhes compra essas "almas mortas". Depois, de posse dos contratos, penhora-os, com lucro. Introdutor do realismo na literatura russa, Gógol observa a realidade e revela os móveis mais profundos das ações humanas, ultrapassando as fronteiras do absurdo | ||
| 650 | 0 |
_aLiteratura Russa _9195 |
|
| 650 | 0 |
_aViagens _9189 |
|
| 650 | 0 |
_aInvasão Napoleônica _9709 |
|
| 650 | 0 |
_aClássicos _977 |
|
| 655 | 0 |
_aRomance _923 |
|
| 655 | 0 |
_aFicção _922 |
|
| 700 | 1 |
_aBelinky, Tatiana, _d1919-2013 _eTRADUTORA _9710 |
|
| 830 |
_aOs Imortais da Literatura Universal _9461 _vvol. 42 |
||
| 942 |
_2ddc _n0 _cBK |
||
| 999 |
_c341 _d341 |
||